<?xml version="1.0" encoding="UTF-8"?>
<record
    xmlns:xsi="http://www.w3.org/2001/XMLSchema-instance"
    xsi:schemaLocation="http://www.loc.gov/MARC21/slim http://www.loc.gov/standards/marcxml/schema/MARC21slim.xsd"
    xmlns="http://www.loc.gov/MARC21/slim">

  <leader>01024nam a22002537a 4500</leader>
  <datafield tag="999" ind1=" " ind2=" ">
    <subfield code="c">180989</subfield>
    <subfield code="d">180989</subfield>
  </datafield>
  <controlfield tag="005">20210825105700.0</controlfield>
  <datafield tag="010" ind1=" " ind2=" ">
    <subfield code="a">B-741400                                      1516ENO7  ENG-114559         </subfield>
  </datafield>
  <datafield tag="020" ind1=" " ind2=" ">
    <subfield code="a">9789350717004</subfield>
    <subfield code="c">395.00</subfield>
  </datafield>
  <datafield tag="035" ind1=" " ind2=" ">
    <subfield code="a">EN-98091</subfield>
  </datafield>
  <datafield tag="035" ind1=" " ind2=" ">
    <subfield code="a">B-606675-691</subfield>
  </datafield>
  <datafield tag="035" ind1=" " ind2=" ">
    <subfield code="a">B-741400</subfield>
  </datafield>
  <datafield tag="037" ind1=" " ind2=" ">
    <subfield code="a">dpl</subfield>
    <subfield code="b">Gift</subfield>
  </datafield>
  <datafield tag="037" ind1=" " ind2=" ">
    <subfield code="b">DBAD/PUB</subfield>
  </datafield>
  <datafield tag="082" ind1=" " ind2=" ">
    <subfield code="a">657.48</subfield>
  </datafield>
  <datafield tag="100" ind1=" " ind2=" ">
    <subfield code="a">Rustagi, R.P.</subfield>
  </datafield>
  <datafield tag="245" ind1=" " ind2=" ">
    <subfield code="a">Taxmann's fundamentals of financial management /</subfield>
    <subfield code="c">by R.P. Rustagi</subfield>
  </datafield>
  <datafield tag="250" ind1=" " ind2=" ">
    <subfield code="a">10th ed</subfield>
  </datafield>
  <datafield tag="260" ind1=" " ind2=" ">
    <subfield code="a">New Delhi</subfield>
    <subfield code="b">Taxmann Publications</subfield>
    <subfield code="c">2015</subfield>
  </datafield>
  <datafield tag="270" ind1=" " ind2=" ">
    <subfield code="a">59/32,New Rohtak Road,</subfield>
    <subfield code="b">NewDelhi</subfield>
    <subfield code="e">110005</subfield>
    <subfield code="k">+91-11-45562222</subfield>
    <subfield code="l">-</subfield>
    <subfield code="m">-</subfield>
  </datafield>
  <datafield tag="300" ind1=" " ind2=" ">
    <subfield code="a">I-24,378p.</subfield>
    <subfield code="c">26cm(pbk)</subfield>
  </datafield>
  <datafield tag="942" ind1=" " ind2=" ">
    <subfield code="2">ddc</subfield>
    <subfield code="c">EN</subfield>
    <subfield code="m">RUS</subfield>
    <subfield code="h">657.48</subfield>
  </datafield>
  <datafield tag="952" ind1=" " ind2=" ">
    <subfield code="0">0</subfield>
    <subfield code="1">0</subfield>
    <subfield code="4">0</subfield>
    <subfield code="7">0</subfield>
    <subfield code="8">NFIC</subfield>
    <subfield code="a">L</subfield>
    <subfield code="b">L</subfield>
    <subfield code="d">2021-08-25</subfield>
    <subfield code="e">Gift/Eng/18.8.2021</subfield>
    <subfield code="g">395.00</subfield>
    <subfield code="l">3</subfield>
    <subfield code="m">2</subfield>
    <subfield code="o">657.48 RUS</subfield>
    <subfield code="p">B-741400</subfield>
    <subfield code="r">2023-10-03 00:00:00</subfield>
    <subfield code="s">2023-09-21</subfield>
    <subfield code="t">1</subfield>
    <subfield code="v">395.00</subfield>
    <subfield code="w">2021-08-25</subfield>
    <subfield code="y">EN</subfield>
    <subfield code="z">Gift</subfield>
  </datafield>
</record>
